书目信息 |
| 题名: |
论智能培养
|
|
| 作者: | 杨德广 著 | |
| 分册: | ||
| 出版信息: | 上海 上海人民出版社 1987.06 |
|
| 页数: | 203页 | |
| 开本: | 19cm | |
| 丛书名: | 当代大学生丛书 | |
| 单 册: | ||
| 中图分类: | D432.63 | |
| 科图分类: | ||
| 主题词: | 青年--学习--问题--中国 | |
| 电子资源: | ||
| ISBN: | ||
| 000 | 00623nam0 2200229 45 | |
| 001 | 0404210838 | |
| 005 | 20050627152345.9 | |
| 010 | @dCNY1.10 | |
| 091 | @a7074.351 | |
| 100 | @a20040421d1987 km y0chiy0120 ea | |
| 101 | 0 | @achi |
| 105 | @a z 000yy | |
| 200 | 1 | @a论智能培养@ALun Zhi Neng Pei Yang@f杨德广著@FYang De Guang Zhu |
| 210 | @a上海@c上海人民出版社@d1987.06 | |
| 215 | @a203页@d19cm | |
| 225 | @a当代大学生丛书 | |
| 410 | @12001 @a当代大学生丛书 | |
| 606 | 0 | @a青年@x学习@x问题@x中国 |
| 690 | @aD432.63@v3 | |
| 701 | 0 | @a杨德广@4著 |
| 801 | @aCN@bPftUser@c20040421 | |
| 905 | @dD432.63@e115@b205000@f1 | |
| 论智能培养/杨德广著.-上海:上海人民出版社,1987.06 |
| 203页;19cm.-(当代大学生丛书) |
| ISBN :CNY1.10 |
| ● |
| 相关链接 |
|
|
|
|
正题名:论智能培养
索取号:D432.63/115
 
预约/预借
| 序号 | 登录号 | 条形码 | 馆藏地/架位号 | 状态 | 备注 |
| 1 | 0204998 | 000481320 | 密集书库/ [索取号:D432.63/115] | 在馆 | |
| 2 | 0204999 | 000481302 | 密集书库/ [索取号:D432.63/115] | 在馆 | |
| 3 | 0205000 | 000481295 | 第一样本阅览室/ [索取号:D432.63/115] | 在馆 |